[Event "CAN-op U1400"]
[Site "Sault Ste Marie CAN"]
[Date "2017.07.13"]
[Round "6"]
[White "Ai, Amy"]
[Black "Chen, Derek1"]
[Result "0-1"]
[WhiteElo "1260"]
[BlackElo "1336"]
[WhiteFideId "-1"]
[WhiteFideId "-1"]
[PlyCount "150"]
[GameId "2160767908344007"]
[EventDate "2017.07.08"]
[EventType "swiss"]
[EventRounds "9"]
[EventCountry "CAN"]
[SourceTitle "EXT 2022"]
[Source "ChessBase"]
[SourceDate "2021.10.06"]
[SourceVersion "1"]
[SourceVersionDate "2021.10.06"]
[SourceQuality "1"]

1. e4 c5 2. c3 Nf6 3. e5 Nd5 4. d4 cxd4 5. cxd4 e6 6. Nf3 Nc6 7. Bd3 Be7 8. O-O O-O 9. Nc3 b6 10. Nxd5 exd5 11. Qb3 Nb4 12. Be2 Bb7 13. a3 Na6 14. Re1 Nc7 15. Bf4 d6 16. exd6 Bxd6 17. Bxd6 Qxd6 18. Rac1 Rfe8 19. Bd3 Ne6 20. h3 Rac8 21. Bf5 Rxc1 22. Rxc1 Nf4 23. Re1 Rxe1+ 24. Nxe1 Ne2+ 25. Kf1 Nxd4 26. Qd3 Nxf5 27. Qxf5 Qe6 28. Qg5 Ba6+ 29. Kg1 Qxe1+ 30. Kh2 h6 31. Qxd5 Qe6 32. Qd8+ Kh7 33. Qc7 Qd5 34. Qc2+ Qd3 35. Qc7 Qd5 36. Qc2+ Kg8 37. Qc7 f6 38. Qb8+ Kh7 39. Qc7 Qe5+ 40. Qxe5 fxe5 41. Kg3 Kg6 42. f3 Kf5 43. h4 e4 44. fxe4+ Kxe4 45. Kg4 Be2+ 46. Kg3 Kd3 47. Kf4 Kc2 48. Ke5 Kxb2 49. Ke6 Bc4+ 50. Kf5 Bd3+ 51. Ke6 Bg6 52. g4 Kxa3 53. h5 Be8 54. Ke7 b5 55. Kxe8 b4 56. Kf7 b3 57. Kxg7 b2 58. Kxh6 b1=Q 59. Kg5 Qh7 60. h6 a5 61. Kh5 a4 62. g5 Qf7+ 63. Kh4 Qg6 64. Kg4 Kb3 65. h7 Qxh7 66. g6 Qxg6+ 67. Kf4 Qe6 68. Kg5 Qf7 69. Kg4 Qf6 70. Kg3 Qf5 71. Kg2 Qf4 72. Kh3 a3 73. Kg2 a2 74. Kh3 a1=Q 75. Kg2 Qaf1# 0-1

[Event "CAN-op U1400"]
[Site "Sault Ste Marie CAN"]
[Date "2017.07.13"]
[Round "6"]
[White "Dong, Yiwei"]
[Black "Wang, David"]
[Result "0-1"]
[WhiteElo "1256"]
[BlackElo "1263"]
[WhiteFideId "-1"]
[WhiteFideId "-1"]
[PlyCount "54"]
[GameId "2160767908344010"]
[EventDate "2017.07.08"]
[EventType "swiss"]
[EventRounds "9"]
[EventCountry "CAN"]
[SourceTitle "EXT 2022"]
[Source "ChessBase"]
[SourceDate "2021.10.06"]
[SourceVersion "1"]
[SourceVersionDate "2021.10.06"]
[SourceQuality "1"]

1. d4 d5 2. c4 e6 3. Nf3 Nf6 4. Bg5 Be7 5. Nc3 O-O 6. e3 b6 7. Be2 Bb7 8. cxd5 Nxd5 9. Bxe7 Qxe7 10. Nxd5 Bxd5 11. O-O Nd7 12. Bd3 c5 13. a3 Qf6 14. e4 Bb7 15. Qa4 Rfd8 16. e5 Qf4 17. Be2 cxd4 18. Rfd1 Nxe5 19. Rxd4 Nxf3+ 20. Bxf3 Rxd4 21. Qb3 Bxf3 22. gxf3 Rad8 23. Qc3 Rd1+ 24. Rxd1 Rxd1+ 25. Kg2 g6 26. Qc2 Qg5+ 27. Kh3 Qf5+ 0-1

[Event "CAN-op U1400"]
[Site "Sault Ste Marie CAN"]
[Date "2017.07.13"]
[Round "6"]
[White "Gaisinsky, Jacob"]
[Black "Mainville, Yanic"]
[Result "0-1"]
[WhiteElo "943"]
[BlackElo "1148"]
[WhiteFideId "-1"]
[WhiteFideId "-1"]
[PlyCount "72"]
[GameId "2160767908344011"]
[EventDate "2017.07.08"]
[EventType "swiss"]
[EventRounds "9"]
[EventCountry "CAN"]
[SourceTitle "EXT 2022"]
[Source "ChessBase"]
[SourceDate "2021.10.06"]
[SourceVersion "1"]
[SourceVersionDate "2021.10.06"]
[SourceQuality "1"]

1. e4 e5 2. Nf3 Nc6 3. Bc4 Nf6 4. Ng5 d5 5. exd5 Na5 6. Bb5+ Bd7 7. Qe2 Bd6 8. b4 Nxd5 9. Bxd7+ Qxd7 10. bxa5 O-O-O 11. a6 Kb8 12. axb7 h6 13. Ne4 f5 14. Nxd6 Qxd6 15. d3 Qb4+ 16. Bd2 Qb2 17. O-O Qxa1 18. Nc3 Nxc3 19. Qxe5 Rhe8 20. Qxc3 Qxc3 21. Bxc3 Re2 22. Bxg7 Rxc2 23. Bxh6 Rxa2 24. h4 Ra3 25. Bg5 Rh8 26. d4 a5 27. f3 Kxb7 28. Kf2 f4 29. Bxf4 Rxh4 30. g3 Rh2+ 31. Kg1 Raa2 32. Rb1+ Kc8 33. g4 Rhg2+ 34. Kh1 Rgf2 35. Rc1 Rxf3 36. Rxc7+ Kd8 0-1

[Event "CAN-op U1400"]
[Site "Sault Ste Marie CAN"]
[Date "2017.07.13"]
[Round "6"]
[White "Locham, Divjot"]
[Black "Lu, Lucas Yunkun"]
[Result "0-1"]
[WhiteElo "1119"]
[BlackElo "1299"]
[WhiteFideId "-1"]
[WhiteFideId "-1"]
[PlyCount "88"]
[GameId "2160767908344012"]
[EventDate "2017.07.08"]
[EventType "swiss"]
[EventRounds "9"]
[EventCountry "CAN"]
[SourceTitle "EXT 2022"]
[Source "ChessBase"]
[SourceDate "2021.10.06"]
[SourceVersion "1"]
[SourceVersionDate "2021.10.06"]
[SourceQuality "1"]

1. e4 c5 2. d4 cxd4 3. c3 dxc3 4. Nxc3 Nc6 5. Nf3 e6 6. Bc4 Qc7 7. O-O Nf6 8. Qe2 Ng4 9. h3 Nd4 10. hxg4 Nxe2+ 11. Bxe2 a6 12. Bd2 Bb4 13. Rac1 Qd8 14. a3 Bxc3 15. Rxc3 O-O 16. Rfc1 b5 17. Rc7 d5 18. e5 Bd7 19. Ba5 Qe8 20. Bb4 Rc8 21. Bxf8 Rxc7 22. Rxc7 Kxf8 23. Rc1 Qb8 24. Bd3 h6 25. Re1 a5 26. b3 b4 27. a4 Qc7 28. Re2 Qc3 29. Rd2 Qxb3 30. Bb5 Bxb5 31. axb5 Qc4 32. g3 Qxb5 33. g5 hxg5 34. Nxg5 b3 35. Rb2 a4 36. Kg2 a3 37. Rb1 b2 38. Nf3 a2 39. Re1 b1=Q 40. Rxb1 axb1=Q 41. Nd4 Qe4+ 42. Nf3 Qbe2 43. Kg1 Q4xf3 44. g4 Qexf2# 0-1

[Event "CAN-op U1400"]
[Site "Sault Ste Marie CAN"]
[Date "2017.07.13"]
[Round "6"]
[White "Paquin, Jeremy"]
[Black "Joseph Benher, Savio"]
[Result "0-1"]
[WhiteElo "1184"]
[BlackElo "1344"]
[WhiteFideId "-1"]
[WhiteFideId "-1"]
[PlyCount "72"]
[GameId "2160767908344013"]
[EventDate "2017.07.08"]
[EventType "swiss"]
[EventRounds "9"]
[EventCountry "CAN"]
[SourceTitle "EXT 2022"]
[Source "ChessBase"]
[SourceDate "2021.10.06"]
[SourceVersion "1"]
[SourceVersionDate "2021.10.06"]
[SourceQuality "1"]

1. e4 e6 2. d4 d5 3. e5 c5 4. Nf3 cxd4 5. Nxd4 Nc6 6. Bf4 f6 7. exf6 Nxf6 8. Bb5 Bd7 9. Nc3 Qb6 10. Nb3 Bb4 11. Bd3 d4 12. a3 dxc3 13. axb4 cxb2 14. Rb1 Qxb4+ 15. Bd2 Qd6 16. O-O a5 17. Rxb2 a4 18. Nc1 Qc7 19. Ra2 O-O 20. c4 Na5 21. Qc2 Rfc8 22. Bxa5 Qxa5 23. Qb2 Bc6 24. Ne2 Qg5 25. Ng3 h5 26. Qe2 e5 27. Ne4 Nxe4 28. Bxe4 Bxe4 29. Qxe4 Qf4 30. Re1 Qxe4 31. Rxe4 b5 32. Rxe5 Rxc4 33. f3 b4 34. Re4 Rxe4 35. fxe4 b3 36. Rb2 a3 0-1

[Event "CAN-op U1400"]
[Site "Sault Ste Marie CAN"]
[Date "2017.07.13"]
[Round "6"]
[White "Qiu, James"]
[Black "Yuan, Henry"]
[Result "0-1"]
[WhiteElo "1152"]
[BlackElo "961"]
[WhiteFideId "-1"]
[WhiteFideId "-1"]
[PlyCount "126"]
[GameId "2160767908344014"]
[EventDate "2017.07.08"]
[EventType "swiss"]
[EventRounds "9"]
[EventCountry "CAN"]
[SourceTitle "EXT 2022"]
[Source "ChessBase"]
[SourceDate "2021.10.06"]
[SourceVersion "1"]
[SourceVersionDate "2021.10.06"]
[SourceQuality "1"]

1. e4 e6 2. d4 d5 3. Nc3 Bb4 4. exd5 exd5 5. Nf3 Nf6 6. Bd3 O-O 7. O-O Nc6 8. Bg5 Bg4 9. Bxf6 Qxf6 10. Nxd5 Qd6 11. Nxb4 Qxb4 12. Bxh7+ Kxh7 13. Ng5+ Kg8 14. Qxg4 Qxb2 15. Qe4 Rfe8 16. Qh7+ Kf8 17. Qh8+ Ke7 18. Rfe1+ Kd7 19. Qh3+ Kd6 20. Nxf7+ Kd5 21. Qf3+ Kc4 22. Qd3+ Kd5 23. Qf5+ Kxd4 24. Rad1+ Kc3 25. Qf3+ Kb4 26. Qf4+ Ka3 27. Rd3+ Qc3 28. Rxc3+ Kb2 29. Qb4+ Nxb4 30. Rb3+ Kxa2 31. Rf1 a5 32. Rg3 Nxc2 33. Rxg7 Re7 34. Rh7 b5 35. Ng5 Rxh7 36. Nxh7 b4 37. f4 b3 38. f5 b2 39. f6 b1=Q 40. Rxb1 Kxb1 41. f7 a4 42. f8=Q Rxf8 43. Nxf8 a3 44. h4 a2 45. h5 a1=Q 46. h6 Kb2+ 47. Kh2 Qa3 48. Ng6 Qd6+ 49. Ne5 Qxe5+ 50. Kg1 Qh5 51. g4 Qxg4+ 52. Kh2 Qh5+ 53. Kg3 Qxh6 54. Kg4 Qf6 55. Kg3 Qf5 56. Kg2 Qf4 57. Kg1 Qd2 58. Kh1 Qe2 59. Kg1 Kc3 60. Kh1 Kd3 61. Kg1 Ke3 62. Kh1 Kf3 63. Kg1 Qg2# 0-1

[Event "CAN-op U1400"]
[Site "Sault Ste Marie CAN"]
[Date "2017.07.13"]
[Round "6"]
[White "Wang, Arthur D"]
[Black "Bai, Kingsley"]
[Result "1-0"]
[WhiteElo "634"]
[BlackElo "652"]
[WhiteFideId "-1"]
[WhiteFideId "-1"]
[PlyCount "55"]
[GameId "2160767908344017"]
[EventDate "2017.07.08"]
[EventType "swiss"]
[EventRounds "9"]
[EventCountry "CAN"]
[SourceTitle "EXT 2022"]
[Source "ChessBase"]
[SourceDate "2021.10.06"]
[SourceVersion "1"]
[SourceVersionDate "2021.10.06"]
[SourceQuality "1"]

1. d4 e6 2. Nf3 Nf6 3. e3 g6 4. Bd3 Bg7 5. O-O O-O 6. b3 c6 7. Bb2 Qc7 8. Nbd2 b6 9. c4 Bb7 10. Qe2 c5 11. Rfe1 Ng4 12. Rac1 Bxf3 13. Nxf3 Bh6 14. h3 Nf6 15. dxc5 bxc5 16. Bxf6 Bg7 17. Bxg7 Kxg7 18. Be4 Nc6 19. Rcd1 f5 20. Bd3 e5 21. Bc2 e4 22. Nh2 h5 23. Rd2 g5 24. Red1 Rfd8 25. Qxh5 Kf6 26. Rd6+ Ke5 27. Qxg5 Rg8 28. Qf4# 1-0

[Event "CAN-op U1400"]
[Site "Sault Ste Marie CAN"]
[Date "2017.07.13"]
[Round "6"]
[White "Wang, Daniel Z"]
[Black "Mukherjee, Pranoy"]
[Result "0-1"]
[WhiteElo "980"]
[BlackElo "1048"]
[WhiteFideId "-1"]
[WhiteFideId "-1"]
[PlyCount "48"]
[GameId "2160767908344018"]
[EventDate "2017.07.08"]
[EventType "swiss"]
[EventRounds "9"]
[EventCountry "CAN"]

1. e4 e6 2. d4 d5 3. Nc3 dxe4 4. Nxe4 Nf6 5. Nxf6+ gxf6 6. Nf3 Nc6 7. Be3 b6 8. Bb5 Bb7 9. O-O Rg8 10. Qd2 Bd6 11. Rfe1 a6 12. Ba4 b5 13. Bb3 Qd7 14. d5 exd5 15. Bc5+ Be5 16. Nxe5 Nxe5 17. f4 O-O-O 18. fxe5 d4 19. Re2 fxe5 20. a4 Rg7 21. g3 Qc6 22. Bb4 Qh1+ 23. Kf2 Qg2+ 24. Ke1 Qg1# 0-1

[Event "CAN-op U1400"]
[Site "Sault Ste Marie CAN"]
[Date "2017.07.13"]
[Round "6"]
[White "Warusa, Kalan"]
[Black "Chen, Alina Yuexi"]
[Result "1-0"]
[WhiteElo "836"]
[BlackElo "670"]
[WhiteFideId "-1"]
[WhiteFideId "-1"]
[PlyCount "33"]
[GameId "2160767908344019"]
[EventDate "2017.07.08"]
[EventType "swiss"]
[EventRounds "9"]
[EventCountry "CAN"]
[SourceTitle "EXT 2022"]
[Source "ChessBase"]
[SourceDate "2021.10.06"]
[SourceVersion "1"]
[SourceVersionDate "2021.10.06"]
[SourceQuality "1"]

1. e4 e5 2. Nf3 Nc6 3. Bb5 Bc5 4. O-O Nf6 5. c3 Nxe4 6. d4 exd4 7. Re1 O-O 8. Rxe4 d5 9. Re1 Bg4 10. Qd3 dxc3 11. Nxc3 Qd7 12. Nxd5 Rfe8 13. Bf4 a6 14. Ba4 b5 15. Bc2 h6 16. Qh7+ Kf8 17. Qh8# 1-0

[Event "CAN-op U1400"]
[Site "Sault Ste Marie CAN"]
[Date "2017.07.13"]
[Round "6.55"]
[White "Jiang, Kate"]
[Black "Zhao, Eric"]
[Result "1/2-1/2"]
[WhiteElo "875"]
[BlackElo "918"]
[WhiteFideId "-1"]
[WhiteFideId "-1"]
[PlyCount "108"]
[GameId "2160767908344020"]
[EventDate "2017.07.08"]
[EventType "swiss"]
[EventRounds "9"]
[EventCountry "CAN"]
[SourceTitle "EXT 2022"]
[Source "ChessBase"]
[SourceDate "2021.10.06"]
[SourceVersion "1"]
[SourceVersionDate "2021.10.06"]
[SourceQuality "1"]

1. e4 c5 2. c3 e6 3. d4 cxd4 4. cxd4 d5 5. exd5 exd5 6. Nc3 Nf6 7. Nf3 Nc6 8. Bf4 a6 9. g3 h6 10. Bg2 Be6 11. O-O Rc8 12. Rc1 Bb4 13. a3 Ba5 14. Qb3 b5 15. Rfd1 O-O 16. h3 Bc7 17. Bxc7 Rxc7 18. Ne5 Qc8 19. Nxc6 Rxc6 20. Ne2 Ne4 21. Rxc6 Qxc6 22. Nf4 Re8 23. Bxe4 dxe4 24. d5 Qc4 25. Qxc4 bxc4 26. dxe6 fxe6 27. Rd4 Rb8 28. Nxe6 Rxb2 29. Rxc4 Re2 30. Ra4 e3 31. fxe3 Rxe3 32. Nf4 Rxg3+ 33. Kf2 Rb3 34. Rxa6 Rb2+ 35. Kg3 Rb3+ 36. Kh2 g5 37. Ng2 Kf7 38. a4 Ra3 39. a5 Ke7 40. Rxh6 Rxa5 41. Kg3 Kf7 42. Kg4 Kg7 43. Rh5 Kg6 44. Rh8 Ra4+ 45. Kg3 Ra5 46. Kh2 Kg7 47. Re8 Kf7 48. Re3 Ra4 49. Rf3+ Kg6 50. Rg3 Kh5 51. Ne1 g4 52. Nd3 gxh3 53. Rxh3+ Kg5 54. Rg3+ Rg4 1/2-1/2

[Event "CAN-op U1400"]
[Site "Sault Ste Marie CAN"]
[Date "2017.07.13"]
[Round "6.56"]
[White "Wang, Daniel1"]
[Black "Gaur, Shivan"]
[Result "1-0"]
[WhiteElo "1285"]
[BlackElo "1281"]
[WhiteFideId "-1"]
[WhiteFideId "-1"]
[PlyCount "139"]
[GameId "2160767908344021"]
[EventDate "2017.07.08"]
[EventType "swiss"]
[EventRounds "9"]
[EventCountry "CAN"]
[SourceTitle "EXT 2022"]
[Source "ChessBase"]
[SourceDate "2021.10.06"]
[SourceVersion "1"]
[SourceVersionDate "2021.10.06"]
[SourceQuality "1"]

1. e4 c5 2. c3 g6 3. d4 cxd4 4. cxd4 d5 5. e5 Bg7 6. Nf3 Nc6 7. Bd3 Bg4 8. Be3 Nh6 9. Nc3 O-O 10. O-O e6 11. b3 f6 12. exf6 Qxf6 13. Bg5 Qf7 14. Be2 Nf5 15. Ne5 Bxe2 16. Nxe2 Nxe5 17. dxe5 Bxe5 18. Rc1 Rac8 19. Qd3 Bg7 20. h3 Nd6 21. f3 Qf5 22. Qd2 Qf7 23. Rfd1 Rc7 24. Rxc7 Qxc7 25. Qe3 Re8 26. Qxa7 Qc2 27. Rd2 Qc7 28. Qe3 Nf5 29. Qf2 h6 30. Be3 e5 31. Rxd5 Qc2 32. Rd2 Qb1+ 33. Kh2 Ra8 34. Nc3 Qa1 35. Rc2 Nxe3 36. Qxe3 Qf1 37. Qe2 Qxe2 38. Rxe2 Rc8 39. Ne4 Rc6 40. Rd2 Rc7 41. Kg3 Kf7 42. Kf2 Ke6 43. Rd6+ Kf7 44. Ke3 Bf8 45. Rd3 Ke6 46. Nc3 Bc5+ 47. Ke4 Rf7 48. g3 Bf2 49. Ne2 g5 50. f4 exf4 51. gxf4 gxf4 52. Nxf4+ Kf6 53. Rf3 Ba7 54. Nd5+ Ke6 55. Rxf7 Kxf7 56. Kf5 Kg7 57. Ne7 Kf7 58. Ng6 Kg7 59. Nf4 Bb8 60. Ne6+ Kh7 61. h4 Bd6 62. h5 Ba3 63. Kf6 Bc1 64. Kf7 Bd2 65. Nf8+ Kh8 66. Kg6 Kg8 67. Nd7 b5 68. a4 bxa4 69. bxa4 Ba5 70. Kxh6 1-0

[Event "CAN-op U1400"]
[Site "Sault Ste Marie CAN"]
[Date "2017.07.13"]
[Round "6.57"]
[White "Yang, Henry"]
[Black "Vo, Peter"]
[Result "1/2-1/2"]
[WhiteElo "1318"]
[BlackElo "1362"]
[WhiteFideId "-1"]
[WhiteFideId "-1"]
[PlyCount "60"]
[GameId "2160767908344022"]
[EventDate "2017.07.08"]
[EventType "swiss"]
[EventRounds "9"]
[EventCountry "CAN"]
[SourceTitle "hb 2017"]

1. e4 c5 2. Nf3 d6 3. d4 cxd4 4. Nxd4 Nf6 5. Nc3 a6 6. f3 e5 7. Nb3 Be6 8. a4 Nbd7 9. Be3 Be7 10. Be2 O-O 11. O-O Rc8 12. Qd2 Nc5 13. Bxc5 dxc5 14. Qxd8 Rfxd8 15. Rad1 Bxb3 16. cxb3 Rxd1 17. Rxd1 Rd8 18. Rxd8+ Bxd8 19. Kf2 Kf8 20. Ke3 Ke7 21. Bc4 Bc7 22. Nd5+ Nxd5+ 23. Bxd5 b5 24. Kd3 f6 25. Bb7 bxa4 26. bxa4 a5 27. Kc4 Kd6 28. Kb5 h6 29. h3 g5 30. g4 Bd8 1/2-1/2

[Event "CAN-op U1400"]
[Site "Sault Ste Marie CAN"]
[Date "2017.07.13"]
[Round "6.65"]
[White "Chen, Andrew2"]
[Black "Jiang, William"]
[Result "1-0"]
[WhiteElo "1009"]
[BlackElo "659"]
[WhiteFideId "-1"]
[WhiteFideId "-1"]
[PlyCount "109"]
[GameId "2160767908344023"]
[EventDate "2017.07.08"]
[EventType "swiss"]
[EventRounds "9"]
[EventCountry "CAN"]
[SourceTitle "EXT 2022"]
[Source "ChessBase"]
[SourceDate "2021.10.06"]
[SourceVersion "1"]
[SourceVersionDate "2021.10.06"]
[SourceQuality "1"]

1. e4 c5 2. Nf3 d6 3. Bb5+ Nc6 4. d4 a6 5. Bxc6+ bxc6 6. O-O Nf6 7. Nc3 g6 8. dxc5 d5 9. Re1 Bg7 10. Bg5 O-O 11. h3 Rb8 12. Rb1 Rb4 13. Bxf6 Bxf6 14. exd5 Bxc3 15. bxc3 Rxb1 16. Qxb1 cxd5 17. Qb6 Qd7 18. c6 Qd6 19. Ne5 f6 20. Nd3 Bd7 21. Qxa6 Bxc6 22. Nb4 Ra8 23. Qxc6 Qxc6 24. Nxc6 Kf7 25. Rxe7+ Kg8 26. Nb4 Rd8 27. Re1 Kf7 28. a4 Ra8 29. Ra1 Ra5 30. Kf1 Ke6 31. Ke2 Kd6 32. Kd3 Kc5 33. g3 f5 34. Ra3 h5 35. Na2 g5 36. Nc1 Kd6 37. Kd4 Ke6 38. Ne2 g4 39. hxg4 hxg4 40. Nf4+ Kd6 41. c4 dxc4 42. Kxc4 Kc6 43. Kb4 Kb6 44. c4 Kc6 45. Kxa5 Kc5 46. Ne6+ Kxc4 47. Kb6 Kb4 48. a5 Kxa3 49. a6 Kb2 50. a7 Kc2 51. a8=Q Kd2 52. Qa2+ Kd3 53. Nf4+ Ke4 54. Qc4+ Kf3 55. Qe2# 1-0

[Event "CAN-op U1400"]
[Site "Sault Ste Marie CAN"]
[Date "2017.07.14"]
[Round "7"]
[White "Chen, Derek1"]
[Black "Gaur, Shivan"]
[Result "1/2-1/2"]
[WhiteElo "1336"]
[BlackElo "1281"]
[WhiteFideId "-1"]
[WhiteFideId "-1"]
[PlyCount "76"]
[GameId "2160767908344026"]
[EventDate "2017.07.08"]
[EventType "swiss"]
[EventRounds "9"]
[EventCountry "CAN"]
[SourceTitle "EXT 2022"]
[Source "ChessBase"]
[SourceDate "2021.10.06"]
[SourceVersion "1"]
[SourceVersionDate "2021.10.06"]
[SourceQuality "1"]

1. e4 c5 2. Nf3 g6 3. d4 cxd4 4. Nxd4 Nc6 5. Be3 Bg7 6. Nc3 Nf6 7. Be2 O-O 8. Qd2 d6 9. f3 Bd7 10. h4 Rc8 11. g4 Ne5 12. h5 Nc4 13. Bxc4 Rxc4 14. hxg6 fxg6 15. O-O-O a6 16. Bh6 Nxe4 17. fxe4 Rxd4 18. Qh2 Rxd1+ 19. Nxd1 Bxh6+ 20. Qxh6 Rf7 21. Nf2 Qf8 22. Qh4 h5 23. Rh2 Rf4 24. Rg2 Qf6 25. Qxf6 Rxf6 26. gxh5 Kg7 27. hxg6 Rxg6 28. Rxg6+ Kxg6 29. Kd2 Bc6 30. Ke3 Kf6 31. Kd4 e5+ 32. Ke3 d5 33. exd5 Bxd5 34. a3 Kf5 35. b3 b5 36. Nd1 Kf6 37. Nb2 Ke6 38. b4 Kd6 1/2-1/2

[Event "CAN-op U1400"]
[Site "Sault Ste Marie CAN"]
[Date "2017.07.14"]
[Round "7"]
[White "Hay, Jonathan"]
[Black "Wang, Arthur D"]
[Result "1-0"]
[WhiteElo "1002"]
[BlackElo "634"]
[WhiteFideId "-1"]
[WhiteFideId "-1"]
[PlyCount "111"]
[GameId "2160767908344027"]
[EventDate "2017.07.08"]
[EventType "swiss"]
[EventRounds "9"]
[EventCountry "CAN"]
[SourceTitle "EXT 2022"]
[Source "ChessBase"]
[SourceDate "2021.10.06"]
[SourceVersion "1"]
[SourceVersionDate "2021.10.06"]
[SourceQuality "1"]

1. e4 c5 2. Nf3 g6 3. d4 cxd4 4. Nxd4 Bg7 5. f4 d6 6. Nc3 Nc6 7. Be3 Nf6 8. e5 dxe5 9. Nxc6 Qxd1+ 10. Rxd1 bxc6 11. fxe5 Ng4 12. Bd4 Nxe5 13. Kd2 Nc4+ 14. Kc1 Bxd4 15. Rxd4 Nd6 16. Bd3 Kd7 17. Ne4 e5 18. Rxd6+ Kc7 19. Rf6 Be6 20. Ng5 Bxa2 21. b3 Rab8 22. Rxf7+ Kb6 23. Kb2 Bxb3 24. cxb3 h6 25. Ne4 Rbd8 26. Kc3 a6 27. Re7 Rhe8 28. Rh7 Rh8 29. Rxh8 Rxh8 30. Ra1 Ra8 31. Nd2 c5 32. Nc4+ Kb5 33. Nxe5+ Kb6 34. Nxg6 h5 35. Nf4 h4 36. Ng6 h3 37. gxh3 a5 38. Re1 a4 39. Re6+ Ka5 40. bxa4 Kxa4 41. Ra6+ Rxa6 42. Bxa6 Ka5 43. Bf1 Kb6 44. h4 Kc6 45. h5 Kd6 46. h6 Ke6 47. h7 Kf7 48. h8=Q Kxg6 49. Bd3+ Kf7 50. h4 Ke7 51. h5 Kd6 52. h6 Kc7 53. h7 Kb7 54. Qg7+ Kb6 55. h8=Q Ka5 56. Qa7# 1-0

[Event "CAN-op U1400"]
[Site "Sault Ste Marie CAN"]
[Date "2017.07.14"]
[Round "7"]
[White "Li, Gabriel"]
[Black "Chen, Andrew2"]
[Result "0-1"]
[WhiteElo "813"]
[BlackElo "1009"]
[WhiteFideId "-1"]
[WhiteFideId "-1"]
[PlyCount "156"]
[GameId "2160767908344028"]
[EventDate "2017.07.08"]
[EventType "swiss"]
[EventRounds "9"]
[EventCountry "CAN"]
[SourceTitle "EXT 2022"]
[Source "ChessBase"]
[SourceDate "2021.10.06"]
[SourceVersion "1"]
[SourceVersionDate "2021.10.06"]
[SourceQuality "1"]

1. d4 Nf6 2. c4 c6 3. Nc3 d5 4. cxd5 cxd5 5. Nf3 Bf5 6. e3 Nc6 7. Ne5 Nb4 8. Qa4+ Nc6 9. Nxc6 bxc6 10. Qxc6+ Bd7 11. Qa6 Bc8 12. Qd3 e6 13. Be2 Bd6 14. O-O O-O 15. Bd2 Bb7 16. Nb5 Ba6 17. a4 Rb8 18. Rfc1 Qd7 19. Qc2 Rfc8 20. Qd1 h6 21. Nxd6 Qxd6 22. Rxc8+ Rxc8 23. Bf3 Rb8 24. Rb1 Bd3 25. Ra1 Bc4 26. b4 e5 27. dxe5 Qxe5 28. Be1 Bb3 29. Qd4 Qxd4 30. exd4 Rc8 31. Bd1 Bxd1 32. Rxd1 Rc4 33. Kf1 Kh7 34. Ke2 Kg6 35. Kd3 Kf5 36. Bd2 Ne4 37. Ke3 Nxd2 38. Rxd2 Rxb4 39. a5 Ra4 40. Rc2 Rxa5 41. Rc7 Ra3+ 42. Ke2 a5 43. Rxf7+ Kg6 44. Rd7 Ra2+ 45. Kd3 Kf6 46. Rxd5 Ke6 47. Rb5 a4 48. Kc4 Rxf2 49. d5+ Kd6 50. Ra5 Rc2+ 51. Kb4 Rxg2 52. Kc4 Rc2+ 53. Kd4 a3 54. Ra6+ Kd7 55. d6 a2 56. Kd5 a1=Q 57. Rxa1 Rd2+ 58. Ke5 Rxd6 59. Rg1 g5 60. Kf5 Ke7 61. Kg4 Kf7 62. Kh5 Kg7 63. Rg4 Rd3 64. Rg3 Rd1 65. Rg2 Rd4 66. Rg4 Rd2 67. h3 Rd3 68. Ra4 Rxh3+ 69. Kg4 Rh4+ 70. Kf5 Rxa4 71. Ke5 g4 72. Kd6 g3 73. Kc7 g2 74. Kb8 g1=R 75. Kb7 Rc4 76. Kb6 Rb1+ 77. Ka5 Rc8 78. Ka6 Ra8# 0-1

[Event "CAN-op U1400"]
[Site "Sault Ste Marie CAN"]
[Date "2017.07.14"]
[Round "7"]
[White "Lu, Lucas Yunkun"]
[Black "Jiang, Kate"]
[Result "1/2-1/2"]
[WhiteElo "1299"]
[BlackElo "875"]
[WhiteFideId "-1"]
[WhiteFideId "-1"]
[PlyCount "128"]
[GameId "2160767908344029"]
[EventDate "2017.07.08"]
[EventType "swiss"]
[EventRounds "9"]
[EventCountry "CAN"]
[SourceTitle "EXT 2022"]
[Source "ChessBase"]
[SourceDate "2021.10.06"]
[SourceVersion "1"]
[SourceVersionDate "2021.10.06"]
[SourceQuality "1"]

1. e4 e5 2. Nf3 Nc6 3. Bb5 a6 4. Bxc6 dxc6 5. O-O Bd6 6. d4 exd4 7. Nxd4 Nf6 8. e5 Bxe5 9. Re1 Qe7 10. Bf4 Nd7 11. Nf3 f6 12. Nxe5 fxe5 13. Qh5+ g6 14. Qe2 O-O 15. Bxe5 Nxe5 16. Qxe5 Qxe5 17. Rxe5 Bf5 18. c4 Rae8 19. Rxe8 Rxe8 20. Nc3 c5 21. Nd5 Re2 22. b3 c6 23. Ne3 Be6 24. h3 b5 25. Kf1 Rd2 26. Ke1 Rd7 27. Rb1 Rd4 28. Rc1 bxc4 29. bxc4 Rd3 30. Ke2 Ra3 31. Rc2 Kf7 32. f4 Kf6 33. g4 h5 34. g5+ Ke7 35. h4 Kd7 36. Rb2 Ra4 37. Kd3 Kc7 38. Rc2 Ra3+ 39. Ke4 Kd6 40. Rd2+ Ke7 41. f5 gxf5+ 42. Nxf5+ Bxf5+ 43. Kxf5 Kf7 44. g6+ Kg7 45. Rd7+ Kg8 46. Kg5 Rxa2 47. Kh6 Rf2 48. g7 Rf6+ 49. Kg5 Rf7 50. Rd8+ Kxg7 51. Ra8 Re7 52. Rxa6 Re4 53. Rxc6 Rxc4 54. Rc7+ Kg8 55. Kxh5 Rc1 56. Kh6 Rg1 57. Rxc5 Kh8 58. h5 Rg7 59. Rc8+ Rg8 60. Rc6 Rg7 61. Rg6 Rh7+ 62. Kg5 Rg7 63. Kf6 Rh7 64. h6 Ra7 1/2-1/2

[Event "CAN-op U1400"]
[Site "Sault Ste Marie CAN"]
[Date "2017.07.14"]
[Round "7"]
[White "Mainville, Yanic"]
[Black "Ai, Amy"]
[Result "1/2-1/2"]
[WhiteElo "1148"]
[BlackElo "1260"]
[WhiteFideId "-1"]
[WhiteFideId "-1"]
[PlyCount "56"]
[GameId "2160767908344030"]
[EventDate "2017.07.08"]
[EventType "swiss"]
[EventRounds "9"]
[EventCountry "CAN"]
[SourceTitle "EXT 2022"]
[Source "ChessBase"]
[SourceDate "2021.10.06"]
[SourceVersion "1"]
[SourceVersionDate "2021.10.06"]
[SourceQuality "1"]

1. e4 e5 2. Nf3 Nc6 3. d4 exd4 4. Nxd4 Bc5 5. Be3 Bb6 6. Bc4 Nf6 7. Nc3 O-O 8. O-O d6 9. f3 Nxd4 10. Bxd4 Be6 11. Be2 Re8 12. Kh1 Qe7 13. Bxb6 axb6 14. Bd3 Rad8 15. Qd2 h6 16. Rae1 Qd7 17. f4 Qc6 18. Bb5 Qc5 19. Bxe8 Rxe8 20. f5 Bd7 21. Qf4 Bc6 22. Rf3 Qd4 23. Rd3 Qc5 24. Qh4 Qe5 25. Rde3 Qd4 26. Rd3 Qe5 27. Rde3 Qd4 28. Rd3 Qe5 1/2-1/2

[Event "CAN-op U1400"]
[Site "Sault Ste Marie CAN"]
[Date "2017.07.14"]
[Round "7"]
[White "Mukherjee, Pranoy"]
[Black "Dong, Yiwei"]
[Result "0-1"]
[WhiteElo "1048"]
[BlackElo "1256"]
[WhiteFideId "-1"]
[WhiteFideId "-1"]
[PlyCount "72"]
[GameId "2160767908344031"]
[EventDate "2017.07.08"]
[EventType "swiss"]
[EventRounds "9"]
[EventCountry "CAN"]
[SourceTitle "EXT 2022"]
[Source "ChessBase"]
[SourceDate "2021.10.06"]
[SourceVersion "1"]
[SourceVersionDate "2021.10.06"]
[SourceQuality "1"]

1. d4 e6 2. c4 d5 3. Nc3 Nf6 4. Bg5 h6 5. Bh4 Be7 6. e3 Nbd7 7. Nf3 O-O 8. Qc2 b6 9. cxd5 Nxd5 10. Bxe7 Nxe7 11. Bd3 Nf6 12. O-O Bb7 13. Rac1 Bxf3 14. gxf3 Rc8 15. Kh1 Qd7 16. Rg1 Kh8 17. Bb5 Qd8 18. Rg2 c5 19. dxc5 Rxc5 20. Rcg1 Rg8 21. Qb1 Ned5 22. Nxd5 Qxd5 23. e4 Qe5 24. Bd3 Nh5 25. Rg4 Qd4 26. Rf1 Rd8 27. Be2 Rdc8 28. Rgg1 Qd2 29. Ba6 R8c7 30. Rd1 Qxf2 31. Rd8+ Kh7 32. e5+ g6 33. Bd3 Qxf3+ 34. Rg2 Rc1+ 35. Qxc1 Rxc1+ 36. Bf1 Rxf1# 0-1